Asian quarterly market perspective (Record no. 109546)

MARC details
000 -LEADER
fixed length control field 01182cad a22002295a 4500
001 - CONTROL NUMBER
control field E147416
008 - FIXED-LENGTH DATA ELEMENTS--GENERAL INFORMATION
fixed length control field 090511s2009 xxub f s 000 0 eng d
035 ## - SYSTEM CONTROL NUMBER
System control number (Sirsi) u147416
041 0# - LANGUAGE CODE
Language code of text/sound track or separate title eng
050 04 - LIBRARY OF CONGRESS CALL NUMBER
Classification number 333.33 $2 18
110 2# - MAIN ENTRY--CORPORATE NAME
Corporate name or jurisdiction name as entry element Pramerica Real Estate Investors
9 (RLIN) 5594
245 00 - TITLE STATEMENT
Title Asian quarterly market perspective
Remainder of title April 2009
Medium [electronic resource]
260 ## - PUBLICATION, DISTRIBUTION, ETC.
Place of publication, distribution, etc. Parsipanny, NJ
Name of publisher, distributor, etc. Pramerica Real Estate Investors
Date of publication, distribution, etc. 2009
490 #0 - SERIES STATEMENT
Series statement PREI Asian Quarterly Market Perspective
Volume/sequential designation April 2009
520 ## - SUMMARY, ETC.
Summary, etc. Reports that although the Asian economy continued to struggle in the first quarter, China's economy is picking up due to the government's stimulus package, and the volume of bank lending rose in both China and Japan in the first quarter. Despite this, activity in property markets in Asia continues to be slow, and demand for office space is also low, with rents expected to fall and vacancies to increase as a result.
521 ## - TARGET AUDIENCE NOTE
Target audience note Advanced
590 ## - LOCAL NOTE (RLIN)
Local note KA
651 #4 - SUBJECT ADDED ENTRY--GEOGRAPHIC NAME
Geographic name Asia
690 ## - LOCAL SUBJECT ADDED ENTRY--TOPICAL TERM (OCLC, RLIN)
Topical term or geographic name as entry element PROPERTY-COMMERCIAL PROPERTY-COMMERCIAL PROPERTY MARKET
856 40 - ELECTRONIC LOCATION AND ACCESS
Uniform Resource Identifier <a href="https://www.pramericarei.com/">https://www.pramericarei.com/</a>
Public note View the item free of charge at www.pramericarei.com...
942 ## - ADDED ENTRY ELEMENTS (KOHA)
Suppress in OPAC 0
Holdings
Withdrawn status Lost status Source of classification or shelving scheme Damaged status Not for loan Home library Current library Shelving location Date acquired Total Checkouts Full call number Barcode Date last seen Copy number Price effective from Koha item type
    Dewey Decimal Classification     Virtual Virtual Online 11/05/2009   ONLINE PUBLICATION 147416-2001 06/08/2019 1 06/08/2019 Book